000 00596nam a2200253Ia 4500
005 20260121161137.0
008 008 260114s9999 xx 000 0 eng d
020 _a9781003333661
037 _aEBOOK
040 _aCRL
040 _beng
040 _cCRL
041 _2eng
041 _aeng
084 _qCRL
100 _a Magdalen King-Hall
_91040753
245 4 _aThe Story of the Nursery
260 _bTaylor and Francis
260 _c1958
856 _uhttp://www.taylorfrancis.com/books/9781003333661
942 _cEBOOK
999 _c1607569
_d1607569